000 00303nam a22001337a 4500
008 171124b xxu||||| |||| 00| 0 eng d
020 _a0871872609
041 _aeng
080 _a32
100 _a19
101 _aSHP
245 _aPRESIDENTIAL PRIMARIES AND NOMINATIONS
_cCROTTY, W
942 _2udc
_cBK
999 _c38493
_d38493